000 00332nam a2200145 a 4500
005 20140414131935.0
008 110113s19uu xx 00 eng d
050 _aREF 578.734
_bW15 2000
100 _a
245 _aJungle /.
440 _aWhat can eye see?
650 _aRain forests.
650 _aJungles.
999 _c112389
_d112389